LDR 01038nam a2200253 i 4500 001 000000035599 003 CaOOAMICUS 005 20260427154949.0 008 070828s1986 it u000 u ita u 040 $aSeMil$bita 100 1 $aBonner, Elena,$d<1923-2011>.$0(OLS)http://semarc/name/16641 245 10$aSoli insieme /$cElena Bonner. 264 1$aMilano :$bGarzanti Vallardi,$c1986. 300 $a379 p. ;$c19 cm. 490 1 $aI libri del quadrifoglio 600 14$aSacharov, Andrej Dmitrievič <1921-1989>.$0(OLS)http://semarc/subject/6552 650 4$aDissenso politico - Unione Sovietica - Diari e memorie.$0(OLS)http://semarc/subject/60107 830 2$aI libri del quadrifoglio.$0(OLS)http://semarc/title/15516 850 $aSeMil 852 $aSeMil$W1$xVenegono$y1$m3N I 822$j271051$B1754$CSeMilBibl$Z2$F1754 $81 961 $aOmaggio: Casa editrice 996 $6245$aSoli insieme$9(OLS)http://semarc/title/48852 996 $6264$aMilano :$bGarzanti Vallardi$9(OLS)http://semarc/publisher/34829